000 00420nam a22001697a 4500
003 LK-CoDNM
005 20231206111045.0
008 231206b |||||||| |||| 00| 0 eng d
040 _aLK-CoDNM
_dLK-CoDNM
_eLK-CoDNM
041 _aeng
080 _a50 F 20
100 _aNathan,S.Sewami
245 _aThe Co=operarive Movement
260 _aJeffna
_bSri Sanmuganatha press
_c1916
300 _a24p;17cm
942 _cBK
999 _c143853
_d143853